Online Catalogue and eLibrary

Asan bey sarittiram (Record no. 4045)

MARC details
000 -LEADER
fixed length control field 00381nam a2200145Ia 4500
005 - DATE AND TIME OF LATEST TRANSACTION
control field 20250325024924.0
008 - FIXED-LENGTH DATA ELEMENTS--GENERAL INFORMATION
fixed length control field 240331s9999 xx 000 0 und d
082 ## - DDC Classification
Item Number - Author Mark LEB
Class No. 894
100 ## - MAIN ENTRY--PERSONAL NAME
Personal name Lebbe,M.C.S
245 #0 - TITLE STATEMENT
Title Asan bey sarittiram
260 ## - PUBLICATION, DISTRIBUTION, ETC.
Place of publication, distribution, etc. Colombo
Name of publisher, distributor, etc. Ministry of State For Muslim Religious & Cultural Affairs
Date of publication, distribution, etc. 1885
300 ## - PHYSICAL DESCRIPTION
Extent (e.g. Volumes, Pages etc.) 171 p .,
500 ## - GENERAL NOTE
General note A Novel
942 ## - Koha item type (Biblio)
Koha item type Books in Stacks (Lending)
Holdings
Lost status Damaged status Collection code Home library Current library Shelving location Date acquired Full call number Accession Number Item type
    Lending WERC Library WERC Library Social Science Cupboard 03/31/2024 894.811 LEB 3322 Books in Stacks (Lending)

© WERC Library